000
00429nam a2200145Ia 4500
008
090124s9999 xx 000 0 und d
082
_b
400285
245
_a
डॉन ब्रॅडमन
250
_a
1
260
_b
चिटणीस शं. ल (शंकर लक्ष्मण)
_c
1977
300
_a
144
630
_a
डॉन ब्रॅडमन
730
_a
डॉन ब्रॅडमन
942
_c
BOOK
999
_c
196206
_d
196206